Countries Containing Two Exact Vowels and Consonants - Statistics

General Stats
  • This quiz has been taken 99 times
  • The average score is 26 of 43
Answer Stats
Hint Answer % Correct
United States of America
90%
United Arab Emirates
80%
Democratic Republic of the Congo
78%
United Kingdom
78%
Dominican Republic
75%
Americas Antigua and Barbuda
70%
Argentina
70%
Africa Central African Republic
70%
Oceania Federated States of Micronesia
70%
Kazakhstan
70%
Republic of the Congo
70%
Marshall Islands
68%
South Sudan
68%
Barbados
65%
Costa Rica
65%
Papua New Guinea
65%
Philippines
65%
New Zealand
63%
Saint Kitts and Nevis
63%
Solomon Islands
63%
Trinidad and Tobago
63%
Saint Vincent and the Grenadines
60%
Bosnia and Herzegovina
58%
Guinea Bissau
58%
Indonesia
58%
Liechtenstein
55%
Netherlands
55%
North Korea
55%
North Macedonia
55%
Seychelles
55%
Asia Afghanistan
53%
Montenegro
50%
Europe Andorra
48%
Sao Tome and Principe
48%
Sierra Leone
48%
Tanzania
48%
Vatican City
48%
El Salvador
45%
Eritrea
45%
Morocco
43%
Tajikistan
43%
Myanmar
40%
San Marino
40%
No matching quizzes found
Score Distribution
Percent of People with Each Score
Percentile by Number Answered
Your Score History
You have not taken this quiz